8 mots dans mots : rai (mort subite) - Statistiques

Statistiques générales
  • Ce quiz a été pris 25 fois
  • Le résultat moyen est 3 sur 8
Answers on the Grid
Answers color-coded by a green-red scale on the quiz's grid according to % correct below.
Autoport---t
Quatre-vingt-t---ze
Anime---ent
Ost---cultrice
Ar---re-traines
P---nscription
Arbit---rement
Enf---ndre
Rappa---ller
Ar---sonnement
P---mplantatoire
Banane---e
Antimig---neux
Parachute-f---n
P---mpressionniste
Aléseuse-f---seuse
 
Statistiques - réponses
Réponse % Correct
Autoport---t
95%
Arbit---rement
55%
Anime---ent
50%
Banane---e
30%
Ar---sonnement
25%
Antimig---neux
20%
Aléseuse-f---seuse
15%
Ar---re-traines
10%
Aucun quiz correspondant
Distribution des résultats
% des personnes avec chaque résultat
Percentile par nombre de réponses
Votre historique - résultats
Vous n’avez pas pris ce quiz